| 000 | 00366nam a2200133Ia 4500 | ||
|---|---|---|---|
| 008 | 220803s9999 xx 000 0 und d | ||
| 020 | _a9788178234960 | ||
| 041 | _aeng | ||
| 082 | _a823 SWA | ||
| 100 |
_aSwami N _929983 |
||
| 245 | _aGospel Of Shi Ramakrishna .-Red Letter Edition .-9788178234960 | ||
| 260 |
_aChennai _bSri Ramakrishna Math _c2000 |
||
| 300 | _a1062p | ||
| 999 |
_c18821 _d18821 |
||